000 00234 a2200097 4500
001 37349
100 _aBashir Ahmed
245 _aQuran-e-Majeed Ka Nazria-e-Ikhlaq
260 _aLahore
_bIslamic Book Service
_c
090 _c23820
_d23820
942 _aNUST-CAE
_cM
_c15359
999 _c272422
_d272422